000
00305nam a2200121 a 4500
001
4140
005
20140414131942.0
008
090218s19uu xx 00 eng d
050
_a
TR 372.7
_b
W55 2006
245
_a
What is a collection? Act. bk. 2.
440
_a
Learning math with Albert
999
_c
112620
_d
112620